Music Quiz

Random Music or Artist Quiz

Number One Dance Songs of 2014 Quiz Stats

Quiz not verified by Sporcle

Challenge
Share
Tweet
Score 0/52 Timer 09:00
0 Plays Today
Artist Song Title % Correct
Katy Perry (feat. Juicy J)Dark Horse
90%
Iggy Azalea (feat. Charli XCX)Fancy
80%
Idina MenzelLet It Go
70%
Pitbull (feat. Ke$ha)Timber
65%
BastillePompeii
65%
AviciiHey Brother
60%
SiaChandelier
60%
Iggy Azalea (feat. Rita Ora)Black Widow
60%
Jennifer Lopez (feat. Iggy Azalea or Pitbull)Booty
60%
Shakira (feat. Rihanna)Can't Remember To Forget You
55%
A Great Big World & Christina AguileraSay Something
55%
Katy PerryBirthday
55%
ColdplayA Sky Full Of Stars
55%
Enrique Iglesias (feat. Sean Paul, Descemer Bueno & Gente de Zona)Bailando
55%
BeyoncéPartition
50%
Demi LovatoNeon Lights
45%
ShakiraDare (La La La)
45%
Demi Lovato (feat. Cher Lloyd)Really Don't Care
45%
Katy PerryThis Is How We Do
45%
Duke Dumont (feat. Jax Jones)I Got U
40%
Katy PerryUnconditionally
35%
Rita OraI Will Never Let You Down
35%
BeyoncéPretty Hurts
35%
Jennifer LopezFirst Love
35%
AviciiAddicted To You
30%
Röyksopp & RobynDo It Again
30%
Artist Song Title % Correct
Mary LambertSecrets
30%
BeyoncéBlow
25%
Alesso (feat. Tove Lo)Heroes (We Could Be)
25%
Kylie MinogueInto The Blue
20%
Betty WhoSomebody Loves You
20%
Zedd (feat. Matthew Koma & Miriam Bryant)Find You
20%
Mariah CareyYou're Mine (Eternal)
20%
ZHUFaded
20%
NabihaAnimals
20%
Cole Plante with Myon & Shane 54 (feat. Koko LaRoo)Lie To Me
15%
Duke DumontWon't Look Back
15%
Deborah Cox (feat. Paige)Higher
10%
My Crazy GirlfriendGo F**k Yourself
10%
Audio PlaygroundHands Up In The Air
10%
Rokelle (feat. Dave Audé)Take Me Away
10%
Scotty Boy (feat. Sue Cho)Shiny Disco Balls
10%
Havana BrownWarrior
10%
Bingo PlayersKnock You Out
10%
Daft Punk (feat. Negin)Derezzed 2014
10%
Dave Audé (feat. Andy Bell)Aftermath (Here We Go)
10%
Basement JaxxNever Say Never
10%
Erika JaynePAINKILLR
10%
Lee Dagger (feat. Inaya Day)Shelter Me
10%
Olivia SomerlynParachute
10%
OnoAngel
10%
Vassy, Crazibiza & Dave AudéHustlin'
10%

You're not logged in!

Compare scores with friends on all Sporcle quizzes.
Join for Free
OR
Log In

You Might Also Like...

Show Comments

Extras

Top Quizzes Today


Score Distribution

Your Account Isn't Verified!

In order to create a playlist on Sporcle, you need to verify the email address you used during registration. Go to your Sporcle Settings to finish the process.

Report this User

Report this user for behavior that violates our Community Guidelines.

Details: